Preventive law : strategies for avoidance of litigation in public schools /

Bibliographic Details
Main Author: Hawkins, Harold L.
Corporate Author: University Council for Educational Administration
Format: Book
Language:English
Published: Tempe, Ariz. : University Council for Educational Administration, [1986]
Series:UCEA monograph series (Unnumbered)
Subjects:

MARC

Tag First Indicator Second Indicator Subfields
LEADER 00000cam a2200000 a 4500
001 in00000013432
005 20151217121551.0
008 870115s1986 arua b 00010 eng d
035 |a (OCoLC)15076784 
035 |9 AAA7919AM 
040 |a ORU  |c ORU  |d m/c  |d TXA  |d UtOrBLW 
049 |a TXAM  |c [A12604697] 
050 4 |a KF4119.3  |b .H38 1986 
100 1 |a Hawkins, Harold L. 
245 1 0 |a Preventive law :  |b strategies for avoidance of litigation in public schools /  |c Harold L. Hawkins. 
264 1 |a Tempe, Ariz. :  |b University Council for Educational Administration,  |c [1986] 
264 4 |c ©1986 
300 |a vi, 47 pages :  |b illustrations ;  |c 23 cm. 
336 |a text  |b txt  |2 rdacontent 
337 |a unmediated  |b n  |2 rdamedia 
338 |a volume  |b nc  |2 rdacarrier 
490 1 |a UCEA monograph series 
504 |a Includes bibliographies. 
650 0 |a Educational law and legislation  |z United States. 
710 2 |a University Council for Educational Administration. 
830 0 |a UCEA monograph series (Unnumbered) 
999 |a MARS 
999 f f |s 19bf48d0-a889-36ac-a2b6-617f8b52d561  |i 5aa8944e-2cb0-3639-86ac-c5703ade6eb6  |t 0 
952 f f |p ric  |a Texas A&M University  |b Rellis Campus  |c Joint Library Facility  |d Remote Storage  |t 0  |e KF4119.3 .H38 1986  |h Library of Congress classification  |i unmediated -- volume  |m A14812604697 
998 f f |a KF4119.3 .H38 1986  |t 0  |l Remote Storage